| 000 | 00436nam a2200169Ia 4500 | ||
|---|---|---|---|
| 003 | LK-CoDNM | ||
| 008 | 010623t xxu||||| |||| 00| 1 sin d | ||
| 040 |
_aLK-CoDNM _dLK-CoDNM _eLK-CoDNM |
||
| 041 | _asin | ||
| 080 | _a294.3 JAY | ||
| 100 |
_aJayathilake,G.P. _eed. |
||
| 245 | _aසංසාර විමුක්තිය | ||
| 246 | _aSansara Wimukthiya | ||
| 260 |
_bNew Central _aDelgoda |
||
| 300 | _b133p., 21 cm | ||
| 942 | _cBK | ||
| 999 |
_c141447 _d141447 |
||